| 000 | 00371 a2200145 4500 | ||
|---|---|---|---|
| 001 | 39456 | ||
| 082 | _a510.2462KRE | ||
| 090 |
_c24673 _d24673 |
||
| 100 | _aKreyszig, Erwin | ||
| 245 |
_aAdvanced engineering Math,7th Ed _cErwin Kreyszig |
||
| 250 | _a7 | ||
| 260 |
_aNew York _bJohn Wiley _c1993 |
||
| 300 |
_a1400 p. _borigional |
||
| 500 | _aBE textbook H & S dept | ||
| 942 |
_aNUST-CAE _k510.2462KRE |
||
| 999 |
_c274529 _d274529 |
||